000 00628 a2200217 4500
001 42375
005 20260407155713.0
008 260407a1952 arg spa d
003 AR-UNSa-BCEJYS
040 _aAR-UNSa-BCEJYS
_bspa
_cAR-UNSa-BCEJYS
080 _a347
_xDerecho Civil
245 1 0 _aTratado de derecho civil argentino
_pobligaciones en general
250 _a6a. ed.
264 1 _aBuenos Aires :
_bTEA (Tipográfica Editora Argentina)
_c1952
300 _a3 v.
_c24 cm.
041 _aspa
942 _cBK
590 _aniveau_biblio:m niveau_hierar:0
100 1 _aGalli, Enrique V.
700 1 _aSalvat, Raymundo M.
999 _c3606
_d3606